[Event "Turniej Blitza na II Lidze Juniorów 2018"]
[Site "Szczyrk, Poland"]
[Date "2018.07.26"]
[Round "1.51"]
[White "Franc, Piotr"]
[Black "Pieczewski, Szymon"]
[Result "1/2-1/2"]
[TimeControl "3'+2\""]
[WhiteElo "1135"]
[BlackElo "1539"]

1. e4 {[%clk 00:03:02]} {[%emt 00:00:02]} Nf6 {[%clk 00:03:04]} 2. Nc3 {[%clk
00:03:03]} {[%emt 00:00:02]} d5 {[%clk 00:03:05]} 3. exd5 {[%clk 00:03:03]}
{[%emt 00:00:01]} Nxd5 {[%clk 00:03:06]} {[%emt 00:00:01]} 4. Nxd5 {[%clk
00:02:59]} {[%emt 00:00:06]} Qxd5 {[%clk 00:03:06]} {[%emt 00:00:01]} 5. Nf3
{[%clk 00:02:59]} {[%emt 00:00:02]} Bg4 {[%clk 00:03:07]} 6. Be2 {[%clk
00:02:59]} {[%emt 00:00:02]} Nc6 {[%clk 00:03:07]} {[%emt 00:00:02]} 7. h3
{[%clk 00:02:57]} {[%emt 00:00:05]} Bh5 {[%clk 00:03:08]} 8. O-O {[%clk
00:02:51]} {[%emt 00:00:09]} O-O-O {[%clk 00:03:07]} {[%emt 00:00:04]} 9. d3
{[%clk 00:02:50]} {[%emt 00:00:03]} e5 {[%clk 00:03:07]} {[%emt 00:00:01]} 10.
Be3 {[%clk 00:02:37]} {[%emt 00:00:15]} f5 {[%clk 00:03:07]} {[%emt 00:00:02]}
11. c4 {[%clk 00:02:29]} {[%emt 00:00:10]} Qd6 {[%clk 00:02:51]} {[%emt
00:00:11]} 12. Ng5 {[%clk 00:02:13]} {[%emt 00:00:24]} Be8 {[%clk 00:02:52]}
{[%emt 00:00:02]} 13. f4 {[%clk 00:02:03]} {[%emt 00:00:12]} h6 {[%clk
00:02:51]} {[%emt 00:00:02]} 14. fxe5 {[%clk 00:01:59]} {[%emt 00:00:07]} Qxe5
{[%clk 00:02:48]} {[%emt 00:00:04]} 15. Bf4 {[%clk 00:01:58]} {[%emt 00:00:03]}
Qd4+ {[%clk 00:02:43]} {[%emt 00:00:07]} 16. Kh1 {[%clk 00:01:49]} {[%emt
00:00:11]} hxg5 {[%clk 00:02:43]} {[%emt 00:00:02]} 17. Bxg5 {[%clk 00:01:51]}
{[%emt 00:00:01]} Be7 {[%clk 00:02:38]} {[%emt 00:00:08]} 18. Rxf5 {[%clk
00:01:43]} {[%emt 00:00:09]} Bxg5 {[%clk 00:02:35]} {[%emt 00:00:04]} 19. Rxg5
{[%clk 00:01:44]} {[%emt 00:00:02]} Bd7 {[%clk 00:02:16]} {[%emt 00:00:20]} 20.
Rd5 {[%clk 00:01:39]} {[%emt 00:00:07]} Qh4 {[%clk 00:02:16]} {[%emt 00:00:02]}
21. Rxd7 {[%clk 00:01:14]} {[%emt 00:00:29]} Rxd7 {[%clk 00:02:12]} {[%emt
00:00:05]} 22. Bg4 {[%clk 00:01:14]} {[%emt 00:00:02]} Ne5 {[%clk 00:01:59]}
{[%emt 00:00:15]} 23. Bxd7+ {[%clk 00:01:13]} {[%emt 00:00:03]} Nxd7 {[%clk
00:02:00]} {[%emt 00:00:01]} 24. Qf3 {[%clk 00:01:06]} {[%emt 00:00:08]} Qf6
{[%clk 00:01:54]} {[%emt 00:00:08]} 25. Rf1 {[%clk 00:01:03]} {[%emt 00:00:06]}
Qxf3 {[%clk 00:01:54]} {[%emt 00:00:02]} 26. Rxf3 {[%clk 00:01:03]} {[%emt
00:00:02]} Nf6 {[%clk 00:01:55]} 27. Rg3 {[%clk 00:01:02]} {[%emt 00:00:04]}
Rh7 {[%clk 00:01:54]} {[%emt 00:00:02]} 28. b4 {[%clk 00:01:01]} {[%emt
00:00:03]} Kd7 {[%clk 00:01:55]} {[%emt 00:00:02]} 29. Kg1 {[%clk 00:00:59]}
{[%emt 00:00:04]} Kd6 {[%clk 00:01:54]} {[%emt 00:00:03]} 30. Rg5 {[%clk
00:00:55]} {[%emt 00:00:05]} c6 {[%clk 00:01:49]} {[%emt 00:00:07]} 31. Kf2
{[%clk 00:00:55]} {[%emt 00:00:02]} Nd7 {[%clk 00:01:48]} {[%emt 00:00:04]} 32.
Ke3 {[%clk 00:00:50]} {[%emt 00:00:06]} Ne5 {[%clk 00:01:47]} {[%emt 00:00:03]}
33. a4 {[%clk 00:00:39]} {[%emt 00:00:14]} g6 {[%clk 00:01:47]} {[%emt
00:00:02]} 34. g3 {[%clk 00:00:33]} {[%emt 00:00:08]} Rf7 {[%clk 00:01:47]}
{[%emt 00:00:01]} 35. Ke2 {[%clk 00:00:30]} {[%emt 00:00:06]} Rf6 {[%clk
00:01:42]} {[%emt 00:00:07]} 36. c5+ {[%clk 00:00:25]} {[%emt 00:00:07]} Kd5
{[%clk 00:01:37]} {[%emt 00:00:07]} 37. Ke3 {[%clk 00:00:25]} {[%emt 00:00:02]}
Rf3+ {[%clk 00:01:37]} {[%emt 00:00:02]} 38. Ke2 {[%clk 00:00:26]} Rf5 {[%clk
00:01:26]} {[%emt 00:00:13]} 39. Rxf5 {[%clk 00:00:21]} {[%emt 00:00:07]} gxf5
{[%clk 00:01:27]} {[%emt 00:00:01]} 40. Ke3 {[%clk 00:00:20]} {[%emt 00:00:03]}
a6 {[%clk 00:01:19]} {[%emt 00:00:10]} 41. h4 {[%clk 00:00:20]} {[%emt
00:00:02]} a5 {[%clk 00:01:13]} {[%emt 00:00:08]} 42. bxa5 {[%clk 00:00:12]}
{[%emt 00:00:10]} Kxc5 {[%clk 00:01:09]} {[%emt 00:00:06]} 43. d4+ {[%clk
00:00:13]} Kd5 {[%clk 00:01:09]} {[%emt 00:00:02]} 44. dxe5 Kxe5 {[%clk
00:01:11]} 45. h5 {[%clk 00:00:13]} {[%emt 00:00:02]} Kf6 {[%clk 00:01:06]}
{[%emt 00:00:07]} 46. h6 {[%clk 00:00:14]} {[%emt 00:00:02]} Kg6 {[%clk
00:01:07]} 47. Kf4 {[%clk 00:00:15]} Kxh6 {[%clk 00:01:08]} 48. Kxf5 {[%clk
00:00:16]} {[%emt 00:00:01]} Kg7 {[%clk 00:01:08]} {[%emt 00:00:02]} 49. g4
{[%clk 00:00:14]} {[%emt 00:00:04]} 1/2-1/2

[Event "Turniej Blitza na II Lidze Juniorów 2018"]
[Site "Szczyrk, Poland"]
[Date "2018.07.26"]
[Round "1.55"]
[White "Klim, Juliusz"]
[Black "Syrkiewicz, Michal"]
[Result "0-1"]
[TimeControl "3'+2\""]
[WhiteElo "1110"]
[BlackElo "1518"]

1. e4 {[%clk 00:03:03]} c5 {[%clk 00:03:04]} {[%emt 00:00:01]} 2. Nf3 {[%clk
00:03:04]} {[%emt 00:00:01]} e6 {[%clk 00:03:05]} {[%emt 00:00:02]} 3. d4
{[%clk 00:03:04]} cxd4 {[%clk 00:03:06]} {[%emt 00:00:01]} 4. Nxd4 {[%emt
00:00:01]} a6 {[%emt 00:00:01]} 5. Nc3 {[%clk 00:03:04]} {[%emt 00:00:02]} b5
{[%clk 00:03:09]} 6. a3 {[%clk 00:03:03]} {[%emt 00:00:03]} Bb7 {[%clk
00:03:10]} 7. Be3 {[%clk 00:03:03]} {[%emt 00:00:02]} d6 {[%clk 00:03:11]} 8.
Bd3 {[%clk 00:03:02]} {[%emt 00:00:03]} Nf6 {[%clk 00:03:12]} {[%emt 00:00:01]}
9. O-O {[%emt 00:00:03]} Be7 {[%emt 00:00:09]} 10. Re1 {[%clk 00:02:48]} {[%emt
00:00:04]} O-O {[%clk 00:03:11]} {[%emt 00:00:03]} 11. Qf3 {[%clk 00:02:48]}
{[%emt 00:00:02]} Nbd7 {[%clk 00:03:04]} {[%emt 00:00:10]} 12. Qg3 {[%clk
00:02:35]} {[%emt 00:00:14]} Re8 {[%clk 00:02:56]} {[%emt 00:00:10]} 13. Bh6
{[%clk 00:02:31]} {[%emt 00:00:06]} Bf8 {[%clk 00:02:56]} {[%emt 00:00:03]} 14.
Re3 {[%clk 00:02:13]} {[%emt 00:00:20]} Ne5 {[%clk 00:02:50]} {[%emt 00:00:08]}
15. Rd1 {[%clk 00:01:43]} {[%emt 00:00:31]} Neg4 {[%clk 00:02:46]} {[%emt
00:00:07]} 16. Rf3 {[%clk 00:01:20]} {[%emt 00:00:25]} Nxh6 {[%clk 00:02:46]}
{[%emt 00:00:02]} 17. Re1 {[%clk 00:00:53]} {[%emt 00:00:29]} Nhg4 {[%clk
00:02:39]} {[%emt 00:00:08]} 18. Qh3 {[%clk 00:00:40]} {[%emt 00:00:15]} Ne5
{[%clk 00:02:38]} {[%emt 00:00:04]} 19. Rg3 {[%clk 00:00:33]} {[%emt 00:00:09]}
g6 {[%clk 00:02:33]} {[%emt 00:00:07]} 20. Ree3 {[%clk 00:00:19]} {[%emt
00:00:16]} Bg7 {[%clk 00:02:31]} {[%emt 00:00:03]} 21. f4 {[%clk 00:00:14]}
{[%emt 00:00:07]} Nxd3 {[%clk 00:02:29]} {[%emt 00:00:05]} 22. cxd3 {[%clk
00:00:10]} {[%emt 00:00:05]} Nh5 {[%clk 00:02:27]} {[%emt 00:00:04]} 23. e5
{[%clk 00:00:08]} {[%emt 00:00:04]} Nxg3 {[%clk 00:02:24]} {[%emt 00:00:06]} 24.
Rxg3 {[%clk 00:00:08]} {[%emt 00:00:01]} dxe5 {[%clk 00:02:24]} {[%emt
00:00:02]} 25. fxe5 {[%clk 00:00:09]} {[%emt 00:00:02]} Qxd4+ {[%clk 00:02:24]}
{[%emt 00:00:02]} 26. Kh1 {[%clk 00:03:02]} {[%emt 00:00:09]} Bf8 {[%clk
00:03:02]} 0-1

[ePGN "0.1;DGT LiveChess/2.2"]

[Event "Turniej Blitza na II Lidze Juniorów 2018"]
[Site "Szczyrk, Poland"]
[Date "2018.07.26"]
[Round "2.65"]
[White "Guzik, Michal"]
[Black "Pietrzak, Emilia"]
[Result "1-0"]
[TimeControl "3'+2\""]
[WhiteElo "1292"]
[BlackElo "1077"]

1. e4 {[%emt 00:00:01]} c5 {[%emt 00:00:01]} 2. Nf3 {[%clk 00:03:04]} {[%emt
00:00:01]} e6 {[%clk 00:03:06]} 3. d4 {[%clk 00:03:05]} {[%emt 00:00:01]} cxd4
{[%clk 00:03:07]} 4. Nxd4 {[%clk 00:03:06]} Qb6 {[%clk 00:03:08]} 5. Nb3 {[%clk
00:03:06]} {[%emt 00:00:02]} Nc6 {[%clk 00:03:08]} {[%emt 00:00:02]} 6. Nc3
{[%clk 00:03:07]} {[%emt 00:00:01]} Nf6 {[%clk 00:03:07]} {[%emt 00:00:03]} 7.
Be3 {[%clk 00:03:06]} {[%emt 00:00:03]} Qc7 {[%emt 00:00:05]} 8. f3 {[%clk
00:03:05]} {[%emt 00:00:02]} Be7 {[%clk 00:03:01]} {[%emt 00:00:06]} 9. Be2
{[%clk 00:03:05]} {[%emt 00:00:02]} O-O {[%clk 00:02:56]} {[%emt 00:00:07]} 10.
O-O {[%clk 00:03:06]} {[%emt 00:00:02]} Re8 {[%clk 00:02:42]} {[%emt 00:00:16]}
11. f4 {[%clk 00:03:02]} {[%emt 00:00:06]} b6 {[%clk 00:02:19]} {[%emt
00:00:25]} 12. e5 {[%clk 00:03:02]} {[%emt 00:00:01]} Nd5 {[%clk 00:02:20]}
{[%emt 00:00:02]} 13. Nxd5 {[%clk 00:03:03]} {[%emt 00:00:01]} exd5 {[%clk
00:02:21]} {[%emt 00:00:01]} 14. Qxd5 {[%clk 00:03:03]} {[%emt 00:00:02]} Nb4
{[%clk 00:02:18]} {[%emt 00:00:05]} 15. Qxa8 {[%clk 00:03:02]} {[%emt
00:00:03]} Nxc2 {[%clk 00:02:15]} {[%emt 00:00:05]} 16. Rac1 {[%clk 00:03:02]}
{[%emt 00:00:01]} d5 {[%clk 00:01:58]} {[%emt 00:00:19]} 17. Bd3 {[%clk
00:03:01]} {[%emt 00:00:03]} Qd7 {[%clk 00:01:48]} {[%emt 00:00:12]} 18. Rxc2
{[%clk 00:02:52]} {[%emt 00:00:11]} Ba6 {[%clk 00:01:47]} {[%emt 00:00:04]} 19.
Qc6 {[%clk 00:02:31]} {[%emt 00:00:22]} Qxc6 {[%clk 00:01:47]} {[%emt
00:00:03]} 20. Rxc6 {[%clk 00:02:32]} Bxd3 {[%clk 00:01:48]} {[%emt 00:00:01]}
21. Rd1 {[%clk 00:02:33]} Bb5 {[%clk 00:01:45]} {[%emt 00:00:05]} 22. Rcc1
{[%clk 00:02:24]} {[%emt 00:00:10]} Rd8 {[%clk 00:01:41]} {[%emt 00:00:07]} 23.
Nd4 {[%clk 00:02:25]} {[%emt 00:00:01]} Ba6 {[%clk 00:01:40]} {[%emt 00:00:04]}
24. Nc6 {[%clk 00:02:26]} {[%emt 00:00:01]} Rd7 {[%clk 00:01:38]} {[%emt
00:00:04]} 25. Nxe7+ {[%clk 00:02:25]} {[%emt 00:00:02]} Rxe7 {[%clk 00:01:37]}
{[%emt 00:00:03]} 26. Rc3 {[%clk 00:02:20]} {[%emt 00:00:07]} h6 {[%clk
00:01:33]} {[%emt 00:00:06]} 27. Rxd5 {[%clk 00:02:20]} {[%emt 00:00:02]} Bb7
{[%clk 00:01:31]} {[%emt 00:00:05]} 28. Rd8+ {[%clk 00:02:19]} {[%emt
00:00:03]} Kh7 {[%clk 00:01:31]} {[%emt 00:00:01]} 29. Rcd3 {[%clk 00:02:09]}
{[%emt 00:00:12]} Rc7 {[%clk 00:01:23]} {[%emt 00:00:11]} 30. R8d7 {[%emt
00:00:08]} Rxd7 {[%clk 00:01:14]} {[%emt 00:00:06]} 31. Rxd7 {[%clk 00:02:08]}
{[%emt 00:00:01]} Be4 {[%clk 00:01:07]} {[%emt 00:00:06]} 32. Rxf7 {[%clk
00:02:09]} {[%emt 00:00:04]} Kg6 {[%clk 00:01:08]} {[%emt 00:00:02]} 33. Rxa7
{[%clk 00:02:10]} {[%emt 00:00:01]} Bd5 {[%clk 00:01:08]} {[%emt 00:00:02]} 34.
g4 {[%clk 00:02:06]} {[%emt 00:00:06]} Kh7 {[%clk 00:01:00]} {[%emt 00:00:09]}
35. f5 {[%clk 00:02:06]} {[%emt 00:00:02]} Bf3 {[%clk 00:00:56]} {[%emt
00:00:06]} 36. h3 {[%clk 00:02:07]} {[%emt 00:00:02]} Bd5 {[%clk 00:00:52]}
{[%emt 00:00:06]} 37. e6 {[%clk 00:02:07]} Bc6 {[%clk 00:00:49]} {[%emt
00:00:05]} 38. Bd4 {[%clk 00:02:08]} {[%emt 00:00:02]} Bb5 {[%clk 00:00:42]}
{[%emt 00:00:08]} 39. Rxg7+ {[%clk 00:02:07]} {[%emt 00:00:03]} Kh8 {[%clk
00:00:42]} {[%emt 00:00:03]} 40. e7 {[%clk 00:02:04]} {[%emt 00:00:05]} Bc6
{[%clk 00:00:36]} {[%emt 00:00:09]} 41. Rg6+ {[%clk 00:02:03]} {[%emt
00:00:02]} Kh7 {[%clk 00:00:29]} {[%emt 00:00:15]} 42. Rxc6 {[%clk 00:02:02]}
{[%emt 00:00:02]} Kg8 {[%clk 00:00:26]} {[%emt 00:00:04]} 43. e8=Q+ {[%clk
00:02:02]} {[%emt 00:00:03]} Kg7 {[%emt 00:00:05]} 1-0

[Event "Turniej Blitza na II Lidze Juniorów 2018"]
[Site "Szczyrk, Poland"]
[Date "2018.07.26"]
[Round "2.60"]
[White "Sleczka, Krzysztof"]
[Black "Wojtasik, Szymon"]
[Result "0-1"]
[TimeControl "3'+2\""]
[WhiteElo "1087"]
[BlackElo "1323"]

1. e4 {[%clk 00:03:02]} {[%emt 00:01:41]} c5 2. Nf3 Nc6 {[%clk 00:03:02]} 3. d4
{[%clk 00:03:02]} {[%emt 00:00:01]} cxd4 4. Nxd4 {[%clk 00:03:02]} g6 {[%clk
00:03:02]} 5. Nc3 {[%clk 00:03:02]} {[%emt 00:00:03]} Bg7 {[%clk 00:03:02]} 6.
Be3 {[%clk 00:03:02]} {[%emt 00:00:01]} Nf6 {[%clk 00:03:02]} {[%emt 00:00:02]}
7. Be2 {[%clk 00:03:10]} {[%emt 00:00:57]} O-O {[%clk 00:03:11]} {[%emt
00:00:05]} 8. Qd2 {[%clk 00:03:12]} d5 {[%emt 00:00:10]} 9. exd5 {[%emt
00:00:27]} Nxd5 {[%clk 00:03:01]} {[%emt 00:00:05]} 10. O-O-O {[%clk 00:02:19]}
{[%emt 00:00:30]} Nxe3 {[%clk 00:02:29]} {[%emt 00:00:33]} 11. Nxc6 {[%clk
00:02:07]} {[%emt 00:00:14]} Qxd2+ {[%clk 00:02:21]} {[%emt 00:00:10]} 12. Rxd2
{[%clk 00:02:07]} {[%emt 00:00:02]} bxc6 {[%clk 00:01:47]} {[%emt 00:00:36]} 13.
fxe3 {[%clk 00:02:04]} {[%emt 00:00:04]} Bh6 {[%emt 00:00:04]} 14. Rd3 {[%clk
00:02:00]} {[%emt 00:00:05]} Bf5 {[%clk 00:01:46]} {[%emt 00:00:03]} 15. Rdd1
{[%clk 00:01:52]} {[%emt 00:01:18]} Bxe3+ {[%clk 00:02:42]} {[%emt 00:00:01]}
16. Kb1 {[%clk 00:01:53]} Rfd8 {[%clk 00:02:40]} {[%emt 00:00:03]} 17. g4
{[%clk 00:01:42]} {[%emt 00:00:13]} Be6 {[%clk 00:02:29]} {[%emt 00:00:13]} 18.
h3 {[%clk 00:01:37]} {[%emt 00:00:07]} c5 {[%clk 00:01:39]} {[%emt 00:00:53]}
19. Ne4 {[%clk 00:01:17]} {[%emt 00:00:21]} Bd5 {[%clk 00:00:54]} {[%emt
00:00:49]} 20. Bf3 {[%clk 00:01:04]} {[%emt 00:00:14]} Bxe4 {[%clk 00:00:50]}
{[%emt 00:00:06]} 21. Bxe4 {[%clk 00:01:05]} {[%emt 00:00:01]} Rab8 {[%clk
00:00:50]} {[%emt 00:00:02]} 22. Rhe1 {[%clk 00:00:47]} {[%emt 00:00:20]} Bg5
{[%clk 00:00:31]} {[%emt 00:00:21]} 23. Bf3 {[%clk 00:00:30]} {[%emt 00:00:19]}
e6 {[%clk 00:00:29]} {[%emt 00:00:04]} 24. Rh1 {[%emt 00:00:12]} Rd4 {[%clk
00:00:19]} {[%emt 00:00:11]} 25. h4 {[%clk 00:00:15]} {[%emt 00:00:08]} Bf6
{[%clk 00:00:12]} {[%emt 00:00:08]} 26. g5 {[%clk 00:00:16]} {[%emt 00:00:02]}
Bg7 {[%clk 00:00:13]} 27. Rxd4 {[%clk 00:00:14]} {[%emt 00:00:04]} cxd4 {[%clk
00:00:15]} 28. Rd1 {[%clk 00:00:15]} {[%emt 00:00:02]} Rd8 {[%clk 00:00:16]} 29.
Be4 {[%clk 00:00:14]} {[%emt 00:00:02]} 0-1

[Event "Turniej Blitza na II Lidze Juniorów 2018"]
[Site "Szczyrk, Poland"]
[Date "2018.07.26"]
[Round "2.50"]
[White "Franek, Krzysztof"]
[Black "Binek, Dawid"]
[Result "1/2-1/2"]
[TimeControl "3'+2\""]
[WhiteElo "1142"]
[BlackElo "1353"]

1. d4 {[%clk 01:30:58]} Nf6 {[%clk 01:29:08]} 2. c4 {[%clk 01:31:21]} g6 {[%clk
01:29:25]} 3. Nc3 {[%clk 01:31:35]} Bg7 {[%clk 01:29:41]} 4. e4 {[%clk
01:31:51]} d6 {[%clk 01:30:00]} 5. f3 {[%clk 01:31:49]} O-O {[%clk 01:30:11]} 6.
Be3 {[%clk 01:32:12]} Nc6 {[%clk 01:29:47]} 7. Bd3 {[%clk 01:30:44]} e5 {[%clk
01:29:54]} 8. Nge2 {[%clk 01:29:19]} Nd7 9. d5 {[%clk 01:22:24]} Ne7 {[%clk
01:23:51]} 10. g4 f5 {[%clk 01:15:32]} 11. Qd2 {[%clk 01:06:44]} f4 {[%clk
00:53:16]} 12. Bf2 {[%clk 01:06:58]} b6 {[%clk 00:36:38]} 13. a3 {[%clk
01:05:23]} a5 {[%clk 00:35:42]} 14. Nb5 {[%clk 01:03:18]} Ba6 {[%clk 00:33:19]}
15. Nec3 {[%clk 01:01:27]} Nc5 {[%clk 00:32:22]} 16. Bc2 {[%clk 01:01:26]} Nc8
{[%clk 00:31:35]} 17. Rb1 {[%clk 00:45:02]} Na7 {[%clk 00:17:51]} 18. Nxa7
{[%clk 00:44:23]} Rxa7 {[%clk 00:18:09]} 19. b4 {[%clk 00:44:40]} Nd7 {[%clk
00:17:46]} 20. Bb3 {[%clk 00:42:53]} Ra8 {[%clk 00:16:48]} 21. h4 {[%clk
00:42:19]} h5 {[%clk 00:14:15]} 22. g5 {[%clk 00:41:54]} Kh7 {[%clk 00:13:43]}
23. Qc2 {[%clk 00:40:16]} Rb8 {[%clk 00:11:40]} 24. O-O {[%clk 00:36:41]} Rf7
{[%clk 00:09:55]} 25. Kh1 {[%clk 00:36:49]} Bf8 {[%clk 00:09:19]} 26. Rg1
{[%clk 00:36:32]} Be7 {[%clk 00:09:11]} 27. Qa2 {[%clk 00:31:49]} Kg7 {[%clk
00:06:15]} 1/2-1/2

[Event "Turniej Blitza na II Lidze Juniorów 2018"]
[Site "Szczyrk, Poland"]
[Date "2018.07.26"]
[Round "2.24"]
[White "Gazda, Dominik"]
[Black "Radecki, Adam"]
[Result "1-0"]
[TimeControl "3'+2\""]
[WhiteElo "1400"]
[BlackElo "1782"]

1. e4 {[%clk 00:03:02]} {[%emt 00:00:01]} c5 {[%clk 00:03:05]} {[%emt
00:00:01]} 2. Nf3 {[%clk 00:03:03]} {[%emt 00:00:02]} d6 {[%clk 00:03:06]}
{[%emt 00:00:01]} 3. d3 {[%clk 00:03:04]} {[%emt 00:00:01]} g6 {[%clk
00:03:06]} {[%emt 00:00:02]} 4. g3 {[%clk 00:03:04]} Bg7 {[%clk 00:03:07]} 5.
Bg2 {[%emt 00:00:02]} Nc6 {[%clk 00:03:06]} {[%emt 00:00:01]} 6. O-O {[%clk
00:03:06]} {[%emt 00:00:02]} e6 {[%clk 00:03:08]} 7. Re1 {[%clk 00:03:07]} Nge7
{[%clk 00:03:09]} {[%emt 00:00:03]} 8. Nbd2 {[%clk 00:03:08]} {[%emt 00:00:01]}
O-O {[%clk 00:03:09]} {[%emt 00:00:01]} 9. c3 {[%clk 00:03:10]} {[%emt
00:00:01]} f5 {[%clk 00:03:10]} {[%emt 00:00:01]} 10. exf5 {[%clk 00:03:09]}
{[%emt 00:00:03]} exf5 {[%clk 00:03:09]} {[%emt 00:00:02]} 11. Qb3+ {[%clk
00:03:10]} Kh8 {[%clk 00:03:10]} {[%emt 00:00:03]} 12. Ng5 {[%clk 00:03:11]}
{[%emt 00:00:01]} d5 {[%clk 00:03:03]} {[%emt 00:00:08]} 13. Qa4 {[%clk
00:02:30]} {[%emt 00:00:44]} d4 {[%clk 00:02:48]} {[%emt 00:00:17]} 14. cxd4
{[%clk 00:02:21]} {[%emt 00:00:11]} Nxd4 {[%clk 00:02:49]} {[%emt 00:00:01]} 15.
Qc4 {[%clk 00:02:15]} {[%emt 00:00:09]} Qd6 {[%clk 00:02:27]} {[%emt 00:00:23]}
16. Nf7+ {[%clk 00:02:05]} {[%emt 00:00:12]} Rxf7 {[%clk 00:02:28]} {[%emt
00:00:01]} 17. Qxf7 {[%clk 00:02:06]} Be6 {[%clk 00:02:29]} {[%emt 00:00:01]}
18. Nc4 {[%clk 00:02:03]} {[%emt 00:00:04]} Qd7 {[%clk 00:02:21]} {[%emt
00:00:10]} 19. Rxe6 {[%clk 00:02:03]} {[%emt 00:00:03]} Nxe6 {[%clk 00:02:20]}
{[%emt 00:00:03]} 20. Bxb7 {[%clk 00:01:45]} {[%emt 00:00:20]} Rf8 {[%clk
00:02:07]} {[%emt 00:00:15]} 21. Bc6 {[%clk 00:01:46]} Qxc6 {[%clk 00:02:08]}
{[%emt 00:00:01]} 22. Qxe7 {[%clk 00:01:46]} {[%emt 00:00:02]} Nd4 {[%clk
00:02:07]} {[%emt 00:00:02]} 23. Ne5 {[%clk 00:01:27]} {[%emt 00:00:22]} Re8
{[%clk 00:01:49]} {[%emt 00:00:20]} 24. Nxc6 {[%clk 00:01:25]} {[%emt
00:00:04]} Rxe7 25. Nxe7 {[%clk 00:01:26]} Nc2 {[%clk 00:01:45]} {[%emt
00:00:04]} 26. Rb1 {[%clk 00:01:24]} {[%emt 00:00:03]} Bd4 {[%clk 00:01:46]}
{[%emt 00:00:01]} 27. Bf4 {[%clk 00:01:14]} {[%emt 00:00:13]} Nb4 {[%clk
00:01:44]} {[%emt 00:00:03]} 28. Be3 {[%clk 00:00:48]} {[%emt 00:00:28]} Bf6
{[%clk 00:01:43]} {[%emt 00:00:03]} 29. Bxc5 {[%clk 00:00:45]} {[%emt
00:00:05]} Nxd3 {[%clk 00:01:44]} {[%emt 00:00:02]} 30. Ba3 {[%clk 00:00:43]}
{[%emt 00:00:04]} Kg7 {[%clk 00:01:43]} {[%emt 00:00:03]} 31. Rd1 {[%clk
00:00:39]} {[%emt 00:00:06]} Ne5 {[%clk 00:01:44]} 32. Nd5 {[%clk 00:00:38]}
{[%emt 00:00:02]} Bd8 {[%clk 00:01:37]} {[%emt 00:00:09]} 33. Nf4 {[%clk
00:00:39]} {[%emt 00:00:01]} Ba5 {[%clk 00:01:36]} {[%emt 00:00:03]} 34. b4
{[%clk 00:00:37]} {[%emt 00:00:04]} Bb6 {[%clk 00:01:38]} 35. Bb2 {[%clk
00:00:38]} Kf6 {[%clk 00:01:37]} {[%emt 00:00:04]} 36. Rd6+ {[%clk 00:00:39]}
{[%emt 00:00:01]} Ke7 {[%clk 00:01:35]} {[%emt 00:00:05]} 37. Re6+ {[%clk
00:00:40]} Kd7 {[%clk 00:01:36]} {[%emt 00:00:02]} 38. Bxe5 {[%clk 00:00:41]}
{[%emt 00:00:01]} g5 {[%clk 00:01:37]} {[%emt 00:00:02]} 39. Rd6+ {[%clk
00:00:42]} Ke7 {[%clk 00:01:38]} 40. Nd5+ {[%clk 00:00:42]} {[%emt 00:00:02]}
Kf7 {[%clk 00:01:39]} 41. Rf6+ {[%clk 00:00:39]} {[%emt 00:00:04]} Kg7 {[%clk
00:01:39]} {[%emt 00:00:02]} 42. Rxb6+ {[%clk 00:00:40]} {[%emt 00:00:01]} Kf7
{[%clk 00:01:41]} 43. Ra6 {[%clk 00:00:40]} {[%emt 00:00:01]} h5 {[%clk
00:01:42]} {[%emt 00:00:01]} 44. Kf1 {[%clk 00:00:41]} h4 {[%clk 00:01:44]}
{[%emt 00:00:01]} 45. Ke2 {[%clk 00:00:43]} f4 {[%clk 00:01:45]} {[%emt
00:00:01]} 46. g4 {[%clk 00:00:44]} f3+ {[%clk 00:01:45]} {[%emt 00:00:02]} 47.
Kxf3 {[%clk 00:00:45]} {[%emt 00:00:01]} h3 {[%clk 00:01:46]} 48. Ke4 {[%clk
00:00:46]} {[%emt 00:00:02]} Ke8 {[%clk 00:01:47]} 49. Rxa7 {[%clk 00:00:45]}
{[%emt 00:00:02]} Kd8 {[%clk 00:01:48]} {[%emt 00:00:01]} 50. Kf5 {[%clk
00:00:45]} {[%emt 00:00:03]} Kc8 {[%clk 00:01:48]} {[%emt 00:00:01]} 51. Ke6
{[%clk 00:00:46]} Kd8 {[%clk 00:01:49]} {[%emt 00:00:02]} 52. Ra8# {[%clk
00:00:46]} {[%emt 00:00:02]} 1-0